MARC

LEADER 00000nam0a2200000 4500
001 2358
005 20231101204239.0
010 |a 502012222X 
035 |a (RuTPU)RU\TPU\book\2367 
035 |a BOOK00002372 
090 |a 2358 
100 |a 20011209d1996 km y0rusy50 ca 
101 0 |a rus 
102 |a RU 
105 |a y z 000zb 
200 1 |a Тэтчер и тэтчеризм  |f С. П. Перегудов 
210 |a Москва  |c Наука  |d 1996 
215 |a 301 с. 
600 1 |a Тэтчер  |g Маргарет  |b М.  |c английский государственный деятель  |f 1925-  |c премьер-министр Великобритании  |2 stltpush  |3 (RuTPU)RU\TPU\pers\233 
606 1 |a Политические партии  |y Великобритания  |2 stltpush  |3 (RuTPU)RU\TPU\subj\50474  |9 69148 
606 1 |a Великобритания  |x Политика  |2 stltpush  |3 (RuTPU)RU\TPU\subj\71369  |9 85314 
610 1 |a Англия 
610 1 |a внутренняя политика 
610 1 |a тэтчеризм 
610 1 |a неоконсерватизм 
610 1 |a консерватизм 
686 |a Ф3(4Вл)  |v LBC/SL-A  |2 rubbk 
686 |a Ф69(4Вл)  |v LBC/SL-A  |2 rubbk 
700 1 |a Перегудов  |b С. П.  |g Сергей Петрович 
801 0 |a RU  |b 63413507  |c 20011209  |g PSBO 
801 2 |a RU  |b 63413507  |c 20131227  |g PSBO 
942 |c BK